Normal view
MARC view
- Colinge J.P
Entry Personal Name
001 - CONTROL NUMBER
- control field: 215919
003 - CONTROL NUMBER IDENTIFIER
- control field: OSt
005 - DATE AND TIME OF LATEST TRANSACTION
- control field: 20251219135221.0
008 - FIXED-LENGTH DATA ELEMENTS
- fixed length control field: 251219|| aca||aabn | a|a d
040 ## - CATALOGING SOURCE
- Original cataloging agency: OSt
- Transcribing agency: OSt
100 ## - HEADING--PERSONAL NAME
- Personal name: Colinge J.P
670 ## - SOURCE DATA FOUND
- Source citation: Work cat.: (OSt)369453: Colinge J.P. , Physics Of Semiconductor Devices, 2002